00457nam a22001697a 450000500170000001000150001702000270003203500140005903700090007308200120008210000160009424500490011025000060015926000540016527000480021930000200026720250617154155.0 aENG-145422 a9789392066351c1795.00 aEN-128954 bDBAD a301.153 aRamasamy, A aGandhi's Travels in Tamil Nadu/cA. Ramasamy a1 c2023bOrient Blackswan Private LimitedaTelangana a3-6-752 Himayatnagar, Hyderabad bTelangana a673p.c22cm(hb)